000 00389nam a22001217a 4500
008 230621b xxu||||| |||| 00| 0 eng d
082 _a328.3658
_bKNA
110 _bNational Assembly
245 _aReport of the powers and privileges Committee
_bEighth parliament- Sixth Session
260 _aPArliament Buildings, Nairobi
_bNational Assembly
_cAugust 2002
300 _a116p
942 _2ddc
_cBK
999 _c2117
_d2117